Ultimate LeBron Quiz - Statistics

General Stats
  • This quiz has been taken 32 times
  • The average score is 24 of 100
Answer Stats
Question Answer % Correct
What sport does LeBron play? Basketball
100%
What is LeBron's full name? LeBron Raymone James
92%
What hand does LeBron shoot with? Right
75%
How tall is LeBron? 6-9
71%
What is his most common nickname? King James
67%
What team does LeBron currently play for? Los Angeles Lakers
67%
How old is LeBron? 40
63%
What year was LeBron born? 1984
58%
What is Lebron's primary position? Small Forward
54%
And what draft pick was he selected at? 1
50%
How old was LeBron when he was drafted? 18
50%
What year did LeBron get drafted? 2003
50%
Where was LeBron born? Akron, Ohio
46%
LeBron plays on the Lakers with which of his sons? Bronny James
46%
What team did LeBron get drafted to? Cleveland Cavaliers
46%
How many times has LeBron been selected as an All-Star? 21
42%
What is the name of Lebron's other son? Bryce James
42%
Who is LeBron's wife? Savannah James
42%
And what team was it against? Sacramento Kings
38%
Where did LeBron go to high school? St. Vincent-St. Mary
38%
When is LeBron's birthday? December 30
33%
What is the name of LeBron's daughter? Zhuri James
33%
How many times has LeBron made an All-NBA team? 21
29%
How many years has LeBron been playing NBA? 22 years
29%
How many All-Star MVPs has LeBron won? 3
29%
How many championships has LeBron won? 4
29%
How many MVPs has LeBron won? 4
29%
How many Finals MVPs has LeBron won? 4
29%
How many times has LeBron made an All-Defensive team? 6
29%
How many years did LeBron play in college? 0
25%
What was LeBron's jersey number at the Cavaliers? 23
25%
How many years did LeBron play for his high-school team? 4
25%
And how many seasons did he play for them? 4
25%
How many years was his second stint at the Cavaliers? 4
25%
How many times has LeBron represented Team USA in the Olympics? 4
25%
And what was his jersey number? 6
25%
How many seasons was his first stint at the Cavaliers? 7
25%
And how many seasons has he played for them so far? 7
25%
What team did LeBron go to after leaving Cleveland for a second time? Los Angeles Lakers
25%
What team did LeBron go to after leaving the Cavaliers? Miami Heat
25%
What date did LeBron make his NBA debut? October 29, 2003
25%
Did LeBron return to the Cavaliers again? Yes
25%
How many championships did LeBron win at the Cavaliers? 1
21%
How many championships did LeBron win at the Lakers? 1
21%
How many Olympic gold medals does LeBron have? 2
21%
How many championships did LeBron win at the Heat 2
21%
In what season did LeBron make the All-Rookie team, while also winning Rookie of the Year? 2003-04
21%
In what season did LeBron win the scoring title? 2007-08
21%
In what year did LeBron receive the In-Season Tournament MVP? 2023-24
21%
How heavy is LeBron? 250 lbs
21%
How many state championships did LeBron win at high school? 3
21%
And who did he get a game-winning block on in Game 7? Andre Iguodala
21%
He was also part of a big three at Miami. Name one of the other two. Dwayne Wade/Chris Bosh
21%
Against what team did LeBron and the Cavs overcome a 3-1 finals deficit in 2016? Golden State Warriors
21%
What NBA player did LeBron surpass to become the all-time leading points scorer? Kareem Abdul-Jabbar
21%
At Cleveland, LeBron was part of a big three. Name one of the other two. Kyrie Irving/Kevin Love
21%
What Premier League soccer team is LeBron a part owner of? Liverpool FC
21%
What basketball film remake starred LeBron in it? Space Jam
21%
What other NBA star is also from Akron, Ohio? Stephen Curry
21%
Is LeBron the greatest of all-time? Yes
21%
How old was LeBron's mother when he was born? 16
17%
In 2013, LeBron became the youngest player to score how many career points? 20,000
17%
What year did LeBron sign a deal with Nike, estimated to be over 1 billion dollars? 2015
17%
In what season did LeBron win assists champ? 2019-20
17%
How many game-winning buzzer beaters does LeBron have? 8
17%
How many Finals series did LeBron play in a row? 8
17%
What other sport could LeBron have gone pro at? American Football
17%
What other NBA legend is LeBron associated with in the Greatest of All Time debate? Michael Jordan
17%
What words are tattooed across LeBron's back? The Chosen One
17%
What is LeBron's career high assists? 19
13%
LeBron was the first NBA player to have how much money? $1 billion
13%
What is LeBron's career high rebounds? 20
13%
What year did LeBron win Associated Press Male Athlete of the Decade? 2019
13%
What is LeBron's career high blocks? 5
13%
What is LeBron's career high points? 61
13%
What is LeBron's career high steals? 7
13%
What is LeBron's career average assists? 7.4
13%
What is LeBron's career average rebounds? 7.5
13%
What is LeBron's career average blocks? 0.7
8%
What is LeBron's career average steals? 1.5
8%
What is LeBron's career average points? 27.0
8%
And what percentage of the entire all-time league has he played against? 35%
8%
What pizza chain does LeBron have a stake in? Blaze Pizza
8%
What is the name of the charity LeBron has set up? The LeBron James Family Foundation
8%
And what position did he play? Wide receiver
8%
How many career games has LeBron played? 1562
4%
What is LeBron's career three-point percentage? 34.9%
4%
What is LeBron's career field goal percentage? 50.6%
4%
What is LeBron's career free throw percentage? 73.7%
4%
And what is his current net worth? $1.18 billion
0%
How many total assists does LeBron have? 13679
0%
How many total blocks does LeBron have? 1434
0%
How many total rebounds does LeBron have? 14359
0%
How many career triple-doubles does LeBron have? 150
0%
How many different players has LeBron played against throughout his career? 1669
0%
How many total steals does LeBron have? 2938
0%
How many career turnovers does LeBron have? 3828
0%
How many total points does LeBron have? 50473
0%
How many career minutes has LeBron played? 71103
0%
And what did they open in Akron? An elementary school
0%
No matching quizzes found
Score Distribution
Percent of People with Each Score
Percentile by Number Answered
Your Score History
You have not taken this quiz